000 00906nam a2200217Ia 4500
999 _c41860
_d41860
001 8543
003 GE_BSU
005 20240502164045.0
008 181216s2013||||ge |||||||||||||| ||geo||
020 _a9789941924422
040 _cGE_BSU
041 _ageo
080 _a94(479.223) მ–47
100 _aმეგრელიშვილი, მერაბ
_922051
245 _aნარკვევები ბათუმის ისტორიიდან /
_cმერაბ მეგრელიშვილი ; რედ.ოთარ გოგოლიშვილი.
264 _aბათუმი :
_bლაზარ,
_c2013.
300 _a135 გვ. :
_c20 სმ.
653 _aნარკვევები ბათუმის ისტორიიდან
700 _aგოგოლიშვილი, ოთარ
_eრედაქტორი
_922052
942 _cBK
_2udc